LEADER 01338nam a2200301 u 4500 001 000000073861 003 CaOOAMICUS 005 20070226122410.0 008 021125c2002 it u000 u ita u 020 $a8882943100 035 $a10945789 040 $aPUL$bita 100 1 $aMamone, Domenico.$0(OLS)http://pul/name/48928 245 13$aIl formulario del nuovo processo civile :$boltre 370 formule annotate e i verbali d'udienza /$cDomenico Mamone. 250 $a3. ed. /$baggiornata da Antonio Mamone. 260 $aPiacenza :$bLa tribuna,$cc2002. 300 $a991 p. ;$c24 cm. +$e1 CD-Rom 490 1 $a2002 i formulari 500 $aContiene indici. 650 4$aProcedura civile.$0(OLS)http://pul/subject/1677 650 4$aDiritto civile.$0(OLS)http://pul/subject/2145 830 0$a2002 i formulari.$0(OLS)http://pul/title/97069 850 $aPUL 852 $aPUL$W1$xDP2 Diritto e Scienze Sociali 2$y100$mUtrCiv B1 11$j95394$nBK-PRI$b $qStampati Altre Collocazioni$B95394$CPULBib$Z2$F95394 $H87512 $81 941 1 $a10 996 $6020$a8882943100$9(OLS)http://pul/number/95407 996 $6245$aIl formulario del nuovo processo civile :$boltre 370 formule annotate e i verbali d'udienza$9(OLS)http://pul/title/97073 996 $6260$aPiacenza :$bLa tribuna$9(OLS)http://pul/publisher/62750 LEADER 01771cam a22003614a 4500 001 000000105574 003 CaOOAMICUS 005 20070612130915.0 008 070612s2006 it b 001 0 ita 020 $a88-348-5490-X (vol. II) 020 $a88-348-5489-6 (Vol. I) 040 $aDLC$b $cDLC$dDLC$dPUL$dES 245 03$aIl diritto privato dell'Unione Europea /$ca cura di Antonio Tizzano. 250 $a2. ed 260 $aTorino :$bG. Giappichelli,$cc2006. 300 $a2 v. ;$c25 cm 490 1 $aTrattato di diritto privato ;$v. 26 504 $aInclude riferimenti bibliografici 505 0 $av. 1. / Roberto Adam ... [et al.] -- v. 2. / Rosalba Alessi ... [et al.] 650 04$aDiritto privato$zEuropa.$0(OLS)http://pul/subject/20861 651 4$aEuropa.$0(OLS)http://pul/subject/24223 700 1 $aAdam, Roberto.$0(OLS)http://pul/name/35855 700 1 $aAlessi, Rosalba.$0(OLS)http://pul/name/26741 700 1 $aTizzano, Antonio,$d1940-$0(OLS)http://pul/name/35854 830 0$aTrattato di diritto privato (G. Giappichelli) ;$v. 26.$0(OLS)http://pul/title/66320 850 $aPUL 852 $aPUL$W1$xSL Diritto e Scienze Sociali 1$y4$m172 M 26.1Bis$j118312$bTomo 1$qStampati$B118213$CPULBib$Z2$F118213 $H104229 $82 852 $aPUL$W1$xSL Diritto e Scienze Sociali 1$y4$m172 M 26.2Bis$j118313$bTomo 2$qStampati$B118214$CPULBib$Z2$F118214 $H104240 $82 941 1 $a9 996 $6020$a88-348-5490-X (vol. II)$9(OLS)http://pul/number/134770 996 $6020$a88-348-5489-6 (Vol. I)$9(OLS)http://pul/number/134771 996 $6245$aIl diritto privato dell'Unione Europea$9(OLS)http://pul/title/66885 996 $6260$aTorino :$bG. Giappichelli$9(OLS)http://pul/publisher/49130